Equipo de figuras para el trabajo de clasificaciones: material gráfico para la integración a nivel preescolar y escolar de la conceptualización linguística y de las operaciones lógicas para el desarrollo del cálculo aritmético

Uloženo v:
Podrobná bibliografie
Hlavní autor: Feldman, Jacobo (Autor)
Médium: Kniha
Jazyk:španělština
Vydáno: Buenos Aires Medica Panamericana 1982
Edice:Serie del centro Meico de Investigaciones foniatricas y audiológicas, 11
Témata:
Tagy: Přidat tag
Žádné tagy, Buďte první, kdo vytvoří štítek k tomuto záznamu!

MARC

LEADER 00000nam a2200000 a 4500
001 UCY4470
003 CL-VaPUC
008 950314e19820000AG |||||||||||||||||spa|d
082 0 4 |a 372.41  |b FEL  |2 21 
100 0 |a Feldman, Jacobo  |e author  |9 332937 
245 1 0 |a Equipo de figuras para el trabajo de clasificaciones: material gráfico para la integración a nivel preescolar y escolar de la conceptualización linguística y de las operaciones lógicas para el desarrollo del cálculo aritmético 
942 |c BK 
945 |d 19950314 00:00:00  |a rbrito 
260 |a Buenos Aires  |b Medica Panamericana  |c 1982 
650 0 |a Educación preescolar  |9 260381 
650 7 |a LENGUAJE DE LOS NIÑOS  |2 CL-VaPUC  |9 307440 
583 |a last modification  |c 19950314 00:00:00  |k Rodrigo Vera 
490 0 |a Serie del centro Meico de Investigaciones foniatricas y audiológicas, 11 
999 |c 232321  |d 232319 
952 |0 0  |1 0  |4 0  |6 372_410000000000000_FEL_1982  |7 0  |8 P  |9 236479  |a BIBEDU  |b BIBEDU  |c BIBEDU_PB  |d 2019-11-15  |i 3037118  |o 372.41 FEL 1982  |p 3037118  |r 2024-01-25  |w 2019-11-15  |y BK  |k EDU 
952 |0 0  |1 0  |4 0  |6 372_410000000000000_FEL_1982  |7 0  |8 P  |9 236480  |a BIBEDU  |b BIBEDU  |c BIBEDU_PB  |d 2019-11-15  |i 1601717  |o 372.41 FEL 1982  |p 1601717  |r 2024-01-25  |w 2019-11-15  |y BK  |k EDU